000
00256nam a2200109Ia 4500
008
190911s9999||||xx |||||||||||||| ||und||
100
_a
Gul Shahzad Sarwar
245
0
_a
Pakistan Affairs
260
_a
Karachi
_b
Royal Book
_c
1997
300
_a
511
942
_c
BK
999
_c
6929
_d
6929